000 00223 a2200109 4500
020 _a9789583039232
041 _aspa
100 _aAndersen, Hans Christian
245 _aEl soldadito de plomo
942 _cBK
952 _71
999 _c16828
_d16828